000 00804nam a2200229 i 4500
001 133027
003 ES-MaACL
005 20250922144649.0
007 t|
008 191204s1966 sp r ||||1| cat d
100 1 _aDuverger, Maurice,
_d1917-2014
_946383
245 1 0 _aIntroducció a la política /
_cMaurice Duverger ; prefaci J. A. González Casanova ; [traducció Antoni de Roselló].
260 _aBarcelona :
_bDelos-Aymá,
_c1966.
300 _aVII, 260 p. ;
_c19 cm.
490 1 _aCol.lecció "Galileu Galilei" ;
_v1
650 7 _aPolítica
_2embne
_9140345
700 1 _aGonzález Casanova, J. A.,
_d1935-
_9144814
700 1 _aRoselló, Antoni de.
_9169023
830 0 _aCol.lecció "Galileu Galilei" ;
_v1
_9181026
852 _aES-MaACL
_jP-1098-1
999 _c133027
_d133027